Rushing to paradise /

Bibliographic Details
Main Author: Ballard, J. G., 1930-2009
Format: Book
Language:English
Published: New York : Picador USA, [1994]
Subjects:

MARC

Tag First Indicator Second Indicator Subfields
LEADER 00000cam a2200000 a 4500
001 in00001237338
005 20151003062411.0
008 950112s1994 nyu 000 1 eng
010 |a  95005217  
020 |a 031213164X :  |c $21.00 
035 |a (OCoLC)31934582 
035 |9 AGS7641AM 
040 |a DLC  |c DLC  |d CLE  |d TXA  |d UtOrBLW 
049 |a TXAM 
050 0 0 |a PR6052.A46  |b R82 1994 
082 0 0 |a 823/.914  |2 20 
100 1 |a Ballard, J. G.,  |d 1930-2009. 
245 1 0 |a Rushing to paradise /  |c J.G. Ballard. 
264 1 |a New York :  |b Picador USA,  |c [1994] 
264 4 |c ©1994 
300 |a 238 pages ;  |c 22 cm. 
336 |a text  |b txt  |2 rdacontent 
337 |a unmediated  |b n  |2 rdamedia 
338 |a volume  |b nc  |2 rdacarrier 
650 0 |a Albatrosses  |x Fiction. 
650 0 |a Endangered species  |v Fiction. 
655 7 |a Adventure stories. 
655 7 |a Detective and mystery stories. 
999 |a MARS 
999 f f |s 9eca1dba-fef8-35cc-8794-9c8b55782028  |i cfb5b04a-92a6-32d2-86b0-442598aa56d5  |t 0 
952 f f |p normal  |a Texas A&M University  |b College Station  |c Sterling C. Evans Library  |d Evans: Library Stacks  |t 0  |e PR6052.A46 R82 1994  |h Library of Congress classification  |i unmediated -- volume  |m A14819191564 
998 f f |a PR6052.A46 R82 1994  |t 0  |l Evans: Library Stacks